Giáo dục vì mục tiêu Phát triển Bền vững, mục tiêu học tập

Gespeichert in:
Bibliographische Detailangaben
Körperschaft: Tổ chức Giáo dục, Khoa học và Văn hóa của Liên Hiệp Quốc
Format: Buch
Sprache:Vietnamese
Veröffentlicht: Hà Nội 2017
Schlagworte:
Tags: Tag hinzufügen
Keine Tags, Fügen Sie den ersten Tag hinzu!
Thư viện lưu trữ: Trung tâm Học liệu Lê Vũ Hùng, Trường Đại học Đồng Tháp
LEADER 00955pam a22002538a 4500
001 00045335
005 20191231111202.0
008 131216s2013 ||||||viesd
020 # # |c 0  |a 9789231002090 
041 0 # |a Vie 
082 1 4 |a 371.2  |b GI108D 
110 # # |a Tổ chức Giáo dục, Khoa học và Văn hóa của Liên Hiệp Quốc 
245 0 0 |a Giáo dục vì mục tiêu Phát triển Bền vững, mục tiêu học tập 
260 # # |a Hà Nội  |c 2017 
300 # # |c 29 cm  |a 62 tr. 
653 # # |a Giáo dục học 
653 # # |a Phương pháp 
653 # # |a Học tập 
653 # # |a Lồng ghép 
653 # # |a Mục tiêu 
653 # # |a Phát triển bền vững 
852 # # |j KM.0033082  |j KM.0033023  |j KM.0033088  |j KM.0033083  |j KM.0033085  |j KM.0033084  |j KM.0032909  |j KD.0026526  |j KM.0033091 
910 # # |d 31/12/2019 
980 # # |a Trung tâm Học liệu Lê Vũ Hùng, Trường Đại học Đồng Tháp